[Event "56th Rubinstein Memorial A 2020"]
[Site "Polanica Zdroj"]
[Date "2020.08.21"]
[Round "7.16"]
[White "Turski, Bartlomiej"]
[Black "Luberanski, Jakub"]
[Result "0-1"]
[WhiteElo "1985"]
[BlackElo "2146"]
[Annotator "TA"]
[PlyCount "177"]
[EventDate "2020.08.15"]
[EventType "swiss"]
[EventCountry "POL"]
[SourceTitle "playchess.com"]
[Source "ChessBase"]
[SourceQuality "1"]

{[%evp 14,177,54,-12,22,-7,11,2,25,22,17,27,50,0,0,-29,-25,-117,-125,-165,-172,-162,-163,-181,-86,-140,-85,-81,-81,-88,-57,-78,-102,-102,-108,-135,-141,-160,-117,-113,-122,-117,-98,-82,-58,-85,-72,-84,-65,-72,-75,-70,-47,-34,-39,-33,0,-75,-16,-16,-14,-68,-61,-76,-65,-69,-62,-62,-60,-60,-73,-69,-53,-53,-53,-75,-53,-53,-53,-53,0,-53,0,-53,-53,-143,-81,-81,-81,-97,-59,-393,-280,-275,-265,-256,-14,-240,0,0,0,-224,-237,-1265,-1230,-1209,0,-982,-504,-497,-479,-463,-458,-417,-293,-287,-250,-403,-411,-394,-385,-500,-422,-527,-515,-642,-641,-633,-638,-722,-713,-29978,-29979,-29979,-29980,-29980,-29981,-29981,-29982,-29982,-29983,-29983,-29984,-29985,-29986,-29986,0,-1098,0,-29983,-29985,-29985,-29984,-29983,-29984,-29984,-29971,-6399,-5322,-29985,-29984,-29984,-29985,-29997,-29998,-29998]} 1. e4 c5 2. Nf3 Nc6 3. d4 cxd4 4. Nxd4 Qb6 5. Nb3 Nf6 6. Nc3 e6 7. Be3 Qc7 8. Be2 (8. a3 $14) 8... a6 {B33: Sicilian: Pelikan and Sveshnikov Variations.} 9. a4 b6 10. O-O Be7 {The position is equal.} (10... Bb4 {feels hotter.} 11. Bd3 O-O 12. f4 d6 13. Qe1 Bb7) 11. f4 d6 12. Bf3 Bb7 13. Kh1 O-O 14. g4 d5 15. e5 {[#]} (15. exd5 $11 Nb4 16. dxe6) 15... Nxg4 $146 {[%mdl 512]} ({Predecessor:} 15... Ne4 16. Qe2 Rac8 17. Bg2 Nxc3 18. bxc3 f6 19. Nd4 Nxd4 20. Bxd4 fxe5 21. Bxe5 {½-½ (55) Musialkiewicz,J (2189)-Shishkin,V (2485) Police 2012}) 16. Bxg4 {Hoping for Nd4.} d4 $1 {[%mdl 64] Double Attack} 17. Bf3 dxe3 18. Qe2 Nb4 (18... f6 $19 {and Black stays clearly on top.} 19. exf6 Rxf6) 19. Rac1 (19. Qg2 $142 Bxf3 20. Rxf3) 19... Bxf3+ ({Better is} 19... f6 20. exf6 Bxf6 21. Qxe3 e5 22. Bxb7 Qxb7+ 23. Kg1 exf4 24. Rxf4 Rae8) 20. Rxf3 Rfd8 21. Rxe3 Nd5 (21... Rac8 {seems wilder.} 22. Re4 Qb7 23. Qg2 g6 24. Rg1 Rc7) 22. Nxd5 Rxd5 23. Rg1 g6 24. Qg2 Rad8 25. Qe4 Rd1 26. Ree1 Rxe1 27. Rxe1 Bf8 28. Kg2 Rc8 29. Nd4 Qc4 30. b3 Qc3 31. Re3 $1 {[%cal Re3c3]} Qb2 32. Re2 Bc5 33. Nf3 Rd8 34. Qc4 Qc1 35. Qe4 (35. a5 $11) 35... a5 ({Black should play} 35... Rd1 $17) 36. Re1 $11 Qb2 37. Re2 (37. Qe2 $11) 37... Qc3 $15 38. Re1 Kg7 39. Re2 Rd1 40. Qb7 Rc1 41. Qe4 h6 42. Ne1 Bb4 {[%cal Rc1e1]} 43. Nf3 Qa1 44. Rf2 Rh1 45. Kh3 Qc3 46. Kg2 Rc1 47. Re2 $1 Bc5 48. Ne1 $1 h5 49. Qd3 {[#]} (49. Nf3 $15) 49... Qb4 (49... Qa1 $142 $1 50. Qe4 Bd4) 50. Re4 $17 Qa3 51. Re2 Qa1 52. Nf3 $2 {[%mdl 8192]} (52. Qe4 $1 $15) 52... Rg1+ ({Less strong is} 52... Rh1 53. Kg3 $15) 53. Nxg1 Qxg1+ $19 {[%mdl 4096] Endgame KQR-KQB} 54. Kf3 Qg4+ 55. Ke4 Qf5+ $2 (55... g5 $19 {[%csl Gg5][%cal Rg4f4]} 56. Qd2 Qf5+ 57. Kf3 Qh3+ 58. Ke4 g4) 56. Kf3 $11 Qg4+ $2 $40 {[%mdl 128] Black has some attack.} (56... Qh3+ $11 57. Ke4 Qf5+ 58. Kf3 Qg4+ 59. Ke4 g5) 57. Ke4 $19 {White is on the road to losing.} g5 {[%csl Gg5][%cal Rg4f4]} 58. Qc4 $2 (58. Qd2 Bb4 59. Qe3) 58... Qf5+ 59. Kf3 Qg4+ 60. Ke4 {White hopes to continue with Kd3.} gxf4 {Threatens to win with ...Qf5+.} 61. Kd3 Qh3+ 62. Kd2 f3 63. Qd3 Qg4 64. Re1 Qg2+ 65. Kc1 $2 (65. Kd1 f2 66. Rf1 Qxh2 67. Qe4) 65... f2 66. Rf1 Qxh2 67. Qe2 Qg1 68. Kb2 Qg4 69. Qd3 h4 70. Ka2 h3 71. Qd8 Qf5 72. Qh4 Qxc2+ 73. Ka1 Qc3+ 74. Ka2 Qd2+ 75. Kb1 Qd3+ {[%mdl 64] Double Attack} 76. Kb2 Qe2+ {[%mdl 64] Double Attack} 77. Kc3 Qxe5+ 78. Kc2 Qe2+ {[%mdl 64] Double Attack} 79. Kc3 Qe5+ (79... Bd6 $142 80. Qg5+ Kh7 81. Qb5 Be5+ 82. Qxe5 Qxe5+ 83. Kd2 h2 84. b4 Qe4 85. Rc1 h1=Q {[%mdl 64] Promotion} 86. Rxh1+ Qxh1 87. bxa5 f1=Q 88. Kc3 Qhf3+ 89. Kd4 Qg1+ 90. Ke5 Qc5#) 80. Kc2 $1 Qe2+ (80... Qf5+ $19 81. Kb2 Qe5+ 82. Kb1 h2 83. Qg4+ Kf8) 81. Kc3 Bb4+ 82. Kd4 Qd2+ 83. Ke4 Qd5+ 84. Ke3 Bc5+ 85. Ke2 Qe5+ 86. Kd2 Qb2+ {Black mates.} 87. Kd3 Qxb3+ 88. Ke2 Qe3+ 89. Kd1 {Accuracy: White = 60%, Black = 76%.} 0-1

[Event "56th Rubinstein Memorial A 2020"]
[Site "Polanica Zdroj"]
[Date "2020.08.21"]
[Round "7.17"]
[White "Majocha, Piotr"]
[Black "Vanduyfhuys, Daria"]
[Result "0-1"]
[WhiteElo "1906"]
[BlackElo "1985"]
[Annotator "TA"]
[PlyCount "112"]
[EventDate "2020.08.15"]
[EventType "swiss"]
[EventCountry "POL"]
[SourceTitle "playchess.com"]
[Source "ChessBase"]
[SourceQuality "1"]

{[%evp 17,112,0,0,-22,0,0,0,4,32,30,17,14,37,28,50,23,25,25,28,28,41,35,36,44,29,41,34,31,55,39,39,25,64,36,54,1,8,8,7,-14,24,-32,-25,-31,-16,-23,0,0,0,0,6,0,0,0,0,0,0,0,0,0,0,-16,0,-132,-132,-109,-36,-136,-22,-22,-22,-22,-27,-26,-8,-485,-468,-432,-436,-397,-397,-496,-482,-621,-597,-936,-868,-1014,-943,-1150,-1632,-2906,-2571,-4818,-4714,-29987,-29988]} 1. c4 e6 2. Nf3 d5 3. d4 Be7 4. g3 Nf6 5. Bg2 O-O 6. O-O dxc4 7. Ne5 Nc6 8. Nxc6 bxc6 9. Bxc6 Rb8 10. Bf3 {E05: Open Catalan: 5 Nf3 Be7.} c5 11. dxc5 Bxc5 12. Qc2 {The position is equal.} Ba6 13. Bf4 Rc8 14. Nc3 {[#]} Re8 $146 ({Predecessor:} 14... Qe7 15. Rfd1 h6 16. Na4 e5 17. Nxc5 Qxc5 18. Be3 Qa5 19. Rd6 Ne8 20. Rd5 Qb4 21. Rxe5 {1-0 (27) Suslova,A (2221)-Paramzina,A (1902) Moscow 2012}) 15. Rad1 Qa5 16. Na4 Bb4 17. a3 Bf8 18. Nc3 Red8 19. Be3 Bc5 20. Bxc5 Qxc5 21. Rxd8+ Rxd8 22. Rd1 Rb8 23. Qa4 Qb6 24. Rd2 g6 25. h4 h5 26. Qc6 (26. e4 $14) 26... Qxc6 27. Bxc6 Kf8 28. Ne4 Ng4 29. Nc5 ({White should play} 29. Ba4 $11) 29... Rc8 $15 30. Nxa6 {[#] Strongly threatening Bb5.} Rxc6 $11 {[%mdl 4096] Endgame KRN-KRN} 31. Nb4 Rc7 32. Na2 Ke7 33. Nc3 Rb7 34. f3 Ne3 35. Kf2 Nf5 36. e4 Nd6 37. Ke3 e5 38. f4 Rb3 39. Ke2 f5 40. fxe5 (40. exf5 $11 Nxf5 41. Kf3) 40... Nxe4 $17 41. Nxe4 fxe4 $11 {KR-KR} 42. Rd4 {[#]} (42. Rd6 $1 $15) 42... Rxb2+ (42... Ke6 $1 $17 43. Rxc4 Kxe5) 43. Ke3 Rb3+ 44. Kxe4 Rxg3 {Threatens to win with ...Rg4+.} 45. Kd5 Rg4 46. Rd1 $2 {[%mdl 8192] This move loses the game for White.} (46. Kxc4 $1 $11 {and White stays safe.} Ke6 47. Rxg4 hxg4 48. Kd4) 46... Rxh4 $19 47. Rb1 c3 48. Rb7+ Kd8 {aiming for ...c2.} 49. Rb8+ Kc7 50. Rb5 {intending Rc5+.} Rh3 51. Ke6 Re3 52. Rc5+ Kb6 53. Rc8 h4 54. Kf6 h3 55. e6 h2 56. Rh8 c2 {Accuracy: White = 54%, Black = 84%.} 0-1

[Event "56th Rubinstein Memorial A 2020"]
[Site "Polanica Zdroj"]
[Date "2020.08.21"]
[Round "7.18"]
[White "Jachym, Adam"]
[Black "Polak, Michal"]
[Result "1-0"]
[WhiteElo "2042"]
[BlackElo "1878"]
[Annotator "TA"]
[PlyCount "81"]
[EventDate "2020.08.15"]
[EventType "swiss"]
[EventCountry "POL"]
[SourceTitle "playchess.com"]
[Source "ChessBase"]
[SourceQuality "1"]

{[%evp 11,81,-4,-6,-6,-1,-19,-6,-48,-50,-46,-47,-58,-34,-68,-51,-84,-66,-56,-58,-59,-23,-22,-15,-18,-18,-9,-20,-23,-27,-22,-27,-31,-49,-77,14,4,5,0,54,72,106,31,29,27,33,34,0,0,0,0,91,79,92,78,137,146,159,166,215,212,202,76,80,27,149,147,29991,616,29991,29992,29992,29993]} 1. d4 Nf6 2. Nc3 d5 3. Bf4 c5 4. e3 a6 5. Nf3 Nc6 6. Be2 e6 7. O-O {D02: 1 d4 d5 2 Nf3 sidelines, including 2...Nf6 3 g3 and 2...Nf6 3 Bf4.} Be7 8. a3 Nh5 9. Bg3 {The position is equal.} Nxg3 10. hxg3 {[#]} O-O $146 ({Predecessor:} 10... cxd4 11. Nxd4 O-O 12. Nxc6 bxc6 13. Na2 Rb8 14. b4 a5 15. c3 axb4 16. cxb4 c5 {0-1 (68) Ilic,I (2055)-Schulz,M (2245) Vienna 2009}) 11. dxc5 Bxc5 12. b4 Be7 13. Qd2 Qc7 14. e4 Bf6 {aiming for ...Rd8.} 15. Rab1 Rd8 {Threatens to win with ...dxe4.} 16. exd5 Nxb4 $1 17. Ne4 Nxd5 18. c4 Ne7 19. Nxf6+ gxf6 20. Qh6 Ng6 21. Kh2 Qc5 22. Rfd1 Qf8 (22... Rxd1 $17 23. Rxd1 Qe7) 23. Rxd8 $11 Qxd8 24. Nd2 b6 (24... Bd7 $11) 25. Ne4 $14 {[%mdl 1024] White has compensation.} f5 26. Rd1 (26. Ng5 $1 $16 Qf6 27. Bf3 (27. Rxb6 Qg7 $14) (27. Qxh7+ Kf8 $16)) 26... Qe7 27. Ng5 Nf8 28. Bh5 f6 29. Nf7 Bd7 $1 30. Qe3 Be8 (30... Qc5 $11) 31. Nh6+ $16 Kh8 {[#]} 32. Nxf5 $1 {[%mdl 512]} Qc7 ({Black should try} 32... Qc5 33. Qxc5 bxc5 34. Bxe8 Rxe8) (32... exf5 33. Qxe7) 33. Bxe8 {And now Qh6! would win.} Rxe8 34. Nd6 Re7 35. Qf4 $1 $40 {[%mdl 128] White attacks with force.} f5 {[#]} 36. Qe5+ (36. g4 $1 $18) 36... Kg8 37. Rd4 (37. Qf6 $16) 37... Ng6 (37... Qc5 $11 38. Qe3 Rd7) 38. Qf6 e5 $2 {[%mdl 8192] [#]} (38... Nf8 $16) 39. Rd5 (39. Nxf5 $142 $1 {[%mdl 512]} h5 40. Qxg6+ {[%mdl 64] Double Attack} Kf8 41. Rd6 Rh7 42. Qf6+ Kg8 43. Rd8+ Qxd8 44. Qxd8+ Kf7 45. Qe7+ {[%mdl 64] Double Attack} Kg6 46. Nh4+ Kh6 47. Qf6#) 39... f4 40. Nf5 {[%cal Rf5h6]} fxg3+ 41. fxg3 {Accuracy: White = 66%, Black = 50%.} 1-0

[Event "56th Rubinstein Memorial A 2020"]
[Site "Polanica Zdroj"]
[Date "2020.08.21"]
[Round "7.19"]
[White "Rogacewicz, Mikolaj"]
[Black "Starosciak, Szymon"]
[Result "1/2-1/2"]
[WhiteElo "1970"]
[BlackElo "1850"]
[Annotator "TA"]
[PlyCount "191"]
[EventDate "2020.08.15"]
[EventType "swiss"]
[EventCountry "POL"]
[SourceTitle "playchess.com"]
[Source "ChessBase"]
[SourceQuality "1"]

{[%evp 15,191,22,29,28,27,20,120,27,44,0,0,0,0,-6,6,-35,-14,-8,1,-26,-12,-34,-33,-86,-12,-6,-15,-39,0,0,0,-26,-34,-25,0,-37,0,0,0,0,0,0,0,0,0,0,11,8,20,0,0,0,0,0,0,-43,0,-102,-117,-104,-110,-98,-95,-106,0,-35,0,0,0,0,0,0,0,0,40,0,5,0,18,8,8,0,0,0,0,0,0,0,63,57,89,89,96,89,105,-3,-3,-6,-4,-4,-6,-8,-2,-4,0,0,0,0,0,0,0,0,8,0,22,22,22,22,23,0,303,8,265,255,258,242,764,0,0,0,8,-156,-156,-156,-156,-156,-156,-156,-156,-156,-120,-120,-120,-120,-120,-120,-32,-32,-24,-24,-24,-24,-24,-24,-24,-4574,-4574,-4574,-4574,-4574,-4574,-4574,-4574,-4574,-28,-4574,-4574,-4574,-4574,-4574,-4574,-4574,-4574,-4574,-4574,-4574,-32,-32]} 1. d4 d5 2. c4 c6 3. Nf3 Nf6 4. e3 Bf5 5. Nc3 e6 6. Nh4 Be4 7. f3 Bg6 8. Qb3 Qc7 9. Bd2 {D12: Slav Defence: 3 Nf3 Nf6 4 e3 Bf5.} Be7 10. Rc1 Bh5 (10... Nbd7 $11) 11. g3 (11. cxd5 $16 Nfd7 12. g3 Bxh4 13. Nb5) 11... g5 12. g4 dxc4 $1 13. Bxc4 gxh4 14. gxh5 {[#]} Nbd7 $146 ({Predecessor:} 14... Rg8 15. f4 Nbd7 16. Be2 O-O-O 17. Bf3 Qb6 18. Qc2 Kb8 19. a3 h6 20. b4 Rg7 {½-½ (39) Korobov,A (2699)-Kundin,A (2311) Israel 2019}) 15. e4 Qb6 16. Qxb6 Nxb6 17. Be2 Nxh5 18. Kf2 O-O-O 19. Be3 (19. f4 $1 $15 Nf6 20. e5) 19... Kb8 (19... f5 $1 $17 {Black wants to play ...f4.} 20. exf5 exf5) 20. f4 Nf6 21. a3 Nfd7 22. Rhg1 f5 23. exf5 exf5 24. Bd3 Rdf8 25. Rg7 Bd6 26. Rg5 Nf6 27. Kf3 ({Much worse is} 27. Rxf5 Ng4+ 28. Kf3 Nxe3 $17) (27. Bxf5 Nfd5 $17) 27... Nfd5 28. Bd2 Nxc3 29. Rxc3 Nd5 30. Rc1 Rf6 31. Rcg1 Rhf8 32. Rh5 h6 33. Rg7 Bc7 34. Rh7 Bb6 35. Bc3 Re6 36. Rxf5 (36. Bc4 $1 $11 {keeps the balance.}) 36... Re3+ $17 37. Kf2 Rfe8 38. Rxd5 cxd5 39. Bg6 R3e7 (39... R8e7 $17 40. f5 Re2+ 41. Kf1 Rxh7 42. Kxe2 Rg7) 40. Rxh6 $15 Rg8 41. Kf3 Bc7 42. Bd2 Re6 43. f5 Rb6 44. Bc3 Bd8 45. Kf4 {[%mdl 1024] White has compensation.} (45. Rh7 $5 {[%cal Rg6f7]}) 45... Bf6 46. Rh7 Rc6 47. Bf7 Rd8 48. Be6 Rc4 $1 49. Ke3 Rc7 50. Rh5 $1 Rg7 $1 51. Kf3 Rg1 (51... Kc7 $11) 52. Rh6 $1 $14 {[%cal Rh6f6]} Be7 53. Rh7 Bf6 54. Rf7 Bh8 55. Bxd5 ({White should try} 55. Ba5 $16 Re8 56. Bc7+ (56. Bxd5 Rg7 $16) 56... Ka8 57. Bxd5) 55... Rxd5 $11 56. Rf8+ Kc7 57. Rxh8 Rxf5+ {[%mdl 4096] Endgame KRR-KRB} 58. Ke4 $132 {[%mdl 2048] White puts up resistance} Rfg5 (58... Rf7 {seems wilder.} 59. Rxh4 Kc6 60. a4 b6 61. Rh6+ Kd7) 59. Rxh4 R5g4+ 60. Rxg4 Rxg4+ {KR-KB} 61. Kf3 Rh4 62. Kg3 Re4 63. h4 Kd7 64. h5 Ke8 65. d5 Kf7 $1 66. h6 Kg6 $1 67. Bg7 Re2 $2 {[%mdl 8192]} (67... Ra4 $11 {and Black stays safe.}) 68. Kf3 $2 ({Only move:} 68. Kf4 $1 $18 Re1 69. b4) 68... Re1 $2 {[%mdl 8192]} (68... Rh2 $1 $11) 69. Kf4 $1 $18 Re2 70. d6 $1 Rd2 $2 (70... Rh2 71. Be5 Rh4+ 72. Kf3 Rh1) 71. Ke5 $2 (71. Be5 $18 Rg2 72. Ke4 Kxh6 73. d7) 71... Kf7 $1 $11 72. Bh8 Rxb2 {Threatens to win with ...Rb5+.} 73. Kd5 $2 ({Better is} 73. h7 $11 Rh2 74. d7) 73... Rh2 $17 74. Bd4 {[#]} Rh5+ $1 75. Kc4 Rxh6 {Strongly threatening ...Rh4.} 76. Bxa7 Rxd6 77. Kb5 Ra6 78. Bc5 Ke6 79. a4 Kd5 {And now ...Rxa4! would win.} 80. Bb6 Ra8 (80... Ke4 $17 81. Bc5 Re6) 81. Bc7 $1 $15 Ke6 {aiming for ...Ra6.} (81... Ra7 {is more complex.} 82. Bd8 Kd6 83. Kb6 Rxa4 84. Kxb7 Rb4+) 82. Kb6 Rxa4 {Hoping for ...Rb4+.} 83. Kxb7 Kd5 84. Bb8 Rb4+ 85. Ka8 $2 {[%mdl 8192]} (85. Kc7 $11) 85... Kc6 86. Ba7 Rg4 87. Bb8 Kb5 88. Ba7 Ra4 89. Kb7 {[#]} Ra2 $2 (89... Rf4 $1 $19 90. Bg1 Rf7+ 91. Kc8 Rf1) 90. Kb8 $2 {[%mdl 8192]} (90. Be3 $11) 90... Kc6 $19 91. Ka8 Rb2 92. Bb8 Rb7 93. Ba7 Rd7 94. Bb8 Rd8 95. Ka7 Kd7 $2 (95... Rd2 $19 {[%cal Rd2a2]} 96. Be5 Rd7+ 97. Kb8 Rb7+ 98. Ka8 Rf7) 96. Kb7 $1 {What a bad dream for Black. Accuracy: White = 74%, Black = 68%.} 1/2-1/2

[Event "56th Rubinstein Memorial A 2020"]
[Site "Polanica Zdroj"]
[Date "2020.08.21"]
[Round "7.20"]
[White "Rog, Bartlomiej"]
[Black "Jedynak, January"]
[Result "1-0"]
[WhiteElo "1866"]
[BlackElo "1887"]
[Annotator "NA RC"]
[PlyCount "71"]
[EventDate "2020.08.15"]
[EventType "swiss"]
[EventCountry "POL"]
[SourceTitle "playchess.com"]
[Source "ChessBase"]
[SourceQuality "1"]
[TimeControl "40/5400+30:1800+30"]

1. e4 {[%emt 0:00:00]} e5 {[%emt 0:10:03]} 2. Nf3 {[%emt 0:00:00]} Nf6 {[%emt 0:00:13]} 3. d4 {[%emt 0:00:00]} Nxe4 {[%emt 0:00:09]} 4. Bd3 {[%emt 0:00:02]} d5 {[%emt 0:00:11]} 5. dxe5 {[%emt 0:00:09]} Be7 {[%emt 0:16:12]} 6. O-O {[%emt 0:04:17]} Nc5 {[%emt 0:05:19]} 7. Be2 {[%emt 0:00:36] C43: Petroff Defence: 3 d4.} O-O {[%emt 0:01:09]} 8. Be3 {[%emt 0:04:08]} c6 {[%emt 0:08:40]} 9. Nd4 {[%emt 0:04:24] [#]} Ne6 $146 {[%emt 0:02:59]} ({Predecessor:} 9... Qc7 10. f4 f6 11. exf6 Bxf6 12. Nc3 Ne6 13. Nb3 Nd7 14. Qd2 Nb6 15. f5 d4 16. fxe6 dxc3 17. bxc3 Bxe6 {½-½ (43) Shirov,A (2713)-Alekseev,E (2662) Saratov 2011}) 10. Nxe6 {[%emt 0:05:36]} Bxe6 {[%emt 0:00:17]} 11. f4 {[%emt 0:01:32]} f5 {[%emt 0:08:41]} 12. c3 {[%emt 0:06:08]} c5 {[%emt 0:01:53]} 13. Nd2 {[%emt 0:09:05]} Nc6 {[%emt 0:09:12]} 14. Nb3 {[%emt 0:01:55]} (14. Nf3 $14) 14... Qb6 {[%emt 0:02:17]} 15. Qc2 {[%emt 0:03:34]} Rac8 {[%emt 0:06:44]} 16. Rfd1 {[%emt 0:08:59]} Rfd8 {[%emt 0:04:10]} 17. Nd2 {[%emt 0:05:16]} Nd4 {[%emt 0:02:17]} 18. Bxd4 {[%emt 0:02:40]} cxd4 {[%emt 0:00:10]} 19. Kh1 {[%emt 0:00:21]} dxc3 {[%emt 0:01:08]} 20. bxc3 {[%emt 0:00:02]} Qe3 {[%emt 0:01:08]} 21. Nf3 {[%emt 0:05:53]} Rxc3 {[%emt 0:05:35]} 22. Qb2 {[%emt 0:02:28] [#]} Ba3 {[%emt 0:03:13]} (22... d4 $1 $17 23. Qxb7 Bc5) 23. Qxb7 {[%emt 0:04:12]} Qxe2 {[%emt 0:00:39]} (23... d4 $11 24. Qa6 Bf7) 24. Nd4 {[%emt 0:00:12] Double Attack} Qg4 {[%emt 0:07:13]} 25. Nxe6 {[%emt 0:00:03]} Rc2 {[%emt 0:00:18]} 26. Rg1 {[%emt 0:00:49]} Rdc8 {[%emt 0:01:43]} 27. Qxd5 {[%emt 0:05:26]} Kh8 {[%emt 0:00:55]} 28. Rad1 {[%emt 0:04:04]} h6 {[%emt 0:00:36]} 29. Qb7 {[%emt 0:12:34]} R8c3 $2 {[%emt 0:00:28]} (29... Qg6) 30. Rd8+ {[%emt 0:02:49]} Kh7 {[%emt 0:00:05] [#]} 31. Rd7 $18 {[%emt 0:00:56]} Bf8 {[%emt 0:00:58]} 32. Nxf8+ {[%emt 0:00:09]} Kh8 {[%emt 0:00:20]} 33. Rd8 {[%emt 0:02:44]} Rc6 {[%emt 0:00:59]} 34. Nd7+ {[%emt 0:01:01]} Kh7 {[%emt 0:00:17]} 35. Nf6+ {[%emt 0:00:16]} Rxf6 {[%emt 0:00:47]} 36. exf6 {[%emt 0:00:01]} 1-0

[Event "56th Rubinstein Memorial A 2020"]
[Site "Polanica Zdroj"]
[Date "2020.08.22"]
[Round "8.1"]
[White "Ovsejevitsch, Sergei"]
[Black "Pultinevicius, Paulius"]
[Result "1/2-1/2"]
[WhiteElo "2587"]
[BlackElo "2512"]
[Annotator "TA"]
[PlyCount "33"]
[EventDate "2020.08.15"]
[EventType "swiss"]
[EventCountry "POL"]
[SourceTitle "playchess.com"]
[Source "ChessBase"]
[SourceQuality "1"]

{[%evp 16,19,30,22,25,24]} 1. Nf3 Nf6 2. c4 g6 3. Nc3 d5 4. cxd5 Nxd5 5. e4 Nxc3 6. dxc3 Qxd1+ 7. Kxd1 f6 8. Be3 e5 9. Nd2 Nd7 {A16: English Opening: 1...Nf6 with ...d5.} 10. Nb3 {[#] A rather calm draw.} {Predecessor:} h5 $146 11. f3 Nb6 12. Kc2 Bd7 13. Nc5 Bc6 14. b3 Bh6 15. Bxh6 Rxh6 16. a4 Ke7 17. Bb5 {½-½ (38) So,W (2778)-Aronian,L (2764) Leuven 2018} 1/2-1/2

[Event "56th Rubinstein Memorial A 2020"]
[Site "Polanica Zdroj"]
[Date "2020.08.22"]
[Round "8.1"]
[White "Grzesik, Norbert"]
[Black "Hertlein, Irena"]
[Result "0-1"]
[WhiteElo "1980"]
[BlackElo "1905"]
[Annotator "TA"]
[PlyCount "88"]
[EventDate "2020.08.15"]
[EventType "swiss"]
[EventCountry "POL"]
[SourceTitle "playchess.com"]
[Source "ChessBase"]
[SourceQuality "1"]

{[%evp 33,88,39,40,-23,-24,-45,-43,-42,18,-20,-20,-43,0,-22,0,0,35,0,0,0,0,0,0,0,11,0,0,0,0,-13,-13,-13,-13,-13,-13,-9,0,-68,-52,-125,-131,-127,-31,-386,-389,-379,-379,-908,-785,-754,-742,-911,-888,-1020,-967,-1089,-1062]} 1. e4 c5 2. Nf3 a6 3. c4 b6 4. d4 cxd4 5. Nxd4 Bb7 6. Nc3 d6 7. Be2 Nf6 8. f3 e6 9. O-O Qc7 10. Be3 Be7 11. Rc1 Nbd7 12. Qd2 O-O 13. Rfd1 Rac8 14. Bf1 Qb8 15. b3 Bd8 16. Nc2 Bc7 17. Bf4 Ne5 {[#] Threatening ...d5!} 18. Bxe5 $146 {B44: Sicilian: Taimanov: 5 Nb5.} (18. Kh1 $14) ({Predecessor:} 18. Bg5 Ned7 {½-½ (22) Gruzmann,B (2278)-Shestoperov,A (2432) Lignano Sabbiadoro 2005}) 18... dxe5 $11 19. Nb4 Rfd8 20. Qb2 {Black is slightly better.} Nh5 ({Black should play} 20... Bd6 $15 21. Nd3 Nd7) 21. Nd3 (21. c5 $5 {[%cal Rc5c6]} Qa7 22. Rxd8+ Bxd8 23. c6 b5+ 24. Kh1 $15) 21... Nf4 22. g3 Ng6 23. b4 Ne7 24. c5 Rd7 25. Na4 b5 $1 {[%cal Rb5a4]} 26. Nc3 Nc6 27. a4 bxa4 28. Nxa4 Nd4 29. Kg2 Bc6 30. Nc3 a5 31. bxa5 Qxb2+ 32. Nxb2 Bxa5 33. Nc4 Bc7 $36 {[%mdl 2048] Black is pushing.} 34. Rb1 f5 35. Bd3 (35. Nb6 $11 Bxb6 36. cxb6) 35... Rf8 36. Nd2 (36. Nb6 $15 Rdf7 37. Rb2) 36... Ba5 $17 37. Rbc1 Rb7 ({Black should try} 37... Bb4 $17 38. Bb1 Ba3) 38. Ne2 $2 {[%mdl 8192] [#] This costs White the game.} ({Better is} 38. Nc4 $15 Bc7 39. Rb1) 38... Nxe2 $19 39. Bxe2 Rb2 40. Bc4 $2 (40. Rb1 Rc2 41. Kh3) 40... Bxd2 {Black is clearly winning.} 41. Bxe6+ Kh8 42. Rb1 Rxb1 43. Rxb1 fxe4 44. Rb6 e3 {Accuracy: White = 45%, Black = 79%.} 0-1

[Event "56th Rubinstein Memorial A 2020"]
[Site "Polanica Zdroj"]
[Date "2020.08.22"]
[Round "8.2"]
[White "Luch, Michal"]
[Black "Dahl, Christoph"]
[Result "1-0"]
[WhiteElo "2409"]
[BlackElo "2228"]
[Annotator "TA"]
[PlyCount "89"]
[EventDate "2020.08.15"]
[EventType "swiss"]
[EventCountry "POL"]
[SourceTitle "playchess.com"]
[Source "ChessBase"]
[SourceQuality "1"]

{[%evp 24,89,30,-7,65,49,51,58,63,65,120,127,193,185,262,219,277,272,335,326,335,329,382,285,557,532,677,672,619,648,627,643,985,979,985,979,928,923,967,931,891,875,833,783,1124,1107,1070,1012,1239,1241,1331,1236,1243,1211,1075,0,1244,1235,1191,1195,994,1210,1158,1158,1635,1635,1456,1440]} 1. d4 Nf6 2. c4 g6 3. g3 Bg7 4. Bg2 O-O 5. Nc3 d6 6. Nf3 Nbd7 7. O-O e5 8. e4 a6 9. Re1 Re8 10. h3 Rb8 11. Be3 exd4 12. Nxd4 Ne5 13. Qe2 Bd7 {E68: King's Indian: Fianchetto: 6...Nbd7 7 0-0 e5 8 e4.} (13... c5 $11 14. Nc2 Be6) 14. f4 Nc6 15. Rad1 Nxd4 {White is slightly better.} 16. Bxd4 {[#]} Nh5 $146 (16... b5 $14) ({Predecessor:} 16... Bc6 17. b4 Nxe4 18. Nxe4 Bxe4 19. Bxe4 Bxd4+ 20. Rxd4 f5 21. Bd5+ Kg7 22. Qxe8 Qxe8 23. Rxe8 Rxe8 24. Bxb7 Rb8 25. Bxa6 Rxb4 26. Rd2 Rb6 27. Bb5 c6 28. Rxd6 {1-0 (28) Buts,N (1979)-Myakota,A (1686) Barnaul 2014}) 17. Bxg7 $16 Kxg7 {[#]} (17... Nxg7 $16 18. Qf2 f6) 18. Qf2 $1 $18 f5 (18... Kh8 $142 19. e5 Ng7 20. exd6 cxd6 21. Rxd6 Rxe1+ 22. Qxe1 Qc8) 19. e5 Be6 20. c5 Kg8 21. cxd6 cxd6 22. Rxd6 Qa5 23. Rb6 Ng7 $2 (23... Rbd8 {was worth a try.} 24. Rxb7 Rb8 25. Rxb8 Rxb8) 24. a4 {Threatens to win with b4.} Rec8 25. b4 Qxb6 26. Qxb6 Rxc3 27. Rd1 Rxg3 28. Rd8+ Rxd8 29. Qxd8+ Kf7 30. Kf2 Rc3 31. Bd5 Bxd5 32. Qxd5+ {[%mdl 4160] [#] Endgame Double Attack. KQ-KRN} Kf8 33. Qd6+ Kg8 34. Qb8+ {[%mdl 64] Double Attack} Kf7 35. Qxb7+ {[%mdl 64] Double Attack} Kf8 36. Qxa6 Nh5 37. Qd6+ Ke8 38. Qe6+ Kf8 39. Qd6+ Ke8 40. Qd4 {White is clearly winning.} Rc2+ 41. Ke1 Rc1+ 42. Kd2 Rc8 43. Ke3 Rd8 44. Qc4 Ke7 45. a5 {Black did not feel at home in the position after the opening. Accuracy: White = 88%, Black = 32%.} 1-0